Statystyki dla Rapowe płyty w 2022

Kliknij tutaj aby rozwiązać quiz!

Ogólne statystyki

  • Ten quiz został rozwiązany 294 razy
    (121 od ostatniego zresetowania)
  • Średni wynik to 22 z 82

Statystyki odpowiedzi

Artysta, DataAlbum% Poprawnych
SB Maffija, 28.01Hotel Maffija 2
84%
Żabson & Young Igi, 14.01amfisbena
74%
Żabson & Young Igi, 11.03amfisbena (DELUXE)
74%
Kinny Zimmer, 13.05LETNISKO
70%
Szpaku, 07.04Dom Dla Zmyślonych Przyjaciół Pana Mateusza
69%
Oki, 10.06PRODUKT47
69%
Reto, 10.02W samo południe (Deluxe)
64%
2115, 09.12Rodzinny Biznes
63%
Chivas, 22.09młody say10
62%
White 2115, 24.06Pretty Boy
56%
Jan-Rapowanie, 11.03Bufor
54%
Otsochodzi, 05.08Tarcho Terror
53%
SKUTE BOBO & Young Leosia, 20.04#fundacja420
52%
White 2115, 08.07Pretty Girl EP
49%
Young Igi, 18.11Notatki z Marginesu
45%
Kabe & Miszel, 09.12Złote Przeboje
45%
Beteo, 30.09Palma na blokach
44%
Beteo, 14.10Palma na blokach (Deluxe)
44%
Lanek, 08.04EXTRAVAGANZA
42%
Sentino, 12.04Megalomania
41%
Kizo, 17.06Ostatni Taniec
40%
Reto, ZetHa & Wroobel, 25.03BON APPETIT
38%
Rusina, 29.04ENERGIA WYGRYWANIA
38%
Białas & Lanek, 15.04In Hajs We Trust 3: Ostateczne Rozliczenie
37%
QueQuality, 25.11QMPLE
36%
Miszel, 29.04NO FACE
35%
Kabe, 01.07King Kong
32%
Paluch, 01.04Kompot
31%
Miszel, 06.05NO CASE
31%
Zeamsone, 22.07UNIWERSUM
31%
Alberto, 22.04Miejska Dżungla EP
30%
Pezet, 30.09Muzyka Komercyjna
30%
White Widow, 28.10PARĘ GŁÓW DALEJ
30%
Fukaj, ??.??PRELUDIUM
29%
Olszakumpel, 02.09BIG BELLY BOY
28%
Magiera, 11.02FEAT. (Deluxe)
28%
Kukon, 08.04Rough N' Gentle
27%
Opał & Floral Bugs, 03.06H4J4
26%
Sentino, 06.01Aporofobia
25%
Gibbs, 26.08Dopehouse Mixtape
23%
Gibbs, 05.08Dopehouse Mixtape
23%
Borixon, 27.04Mixed Music Arts (MMA)
22%
Pusher & Oska030, 20.05Baba Hassan
21%
27.FUCKDEMONS, 31.03NIC SIĘ NIE STAŁO
21%
Szymi Szyms, 04.02Brzydkie
18%
Smolasty, 25.11Almost Goat
17%
Szpaku, ??.??Młody Simba Mixtape
16%
Jacuś, 12.05Prezes
16%
Sentino, 28.10ZL4EVER
16%
PlanBe & Sir Mich, 08.07Flamingo
15%
Louis Villain, 25.11Maestro
15%
ZetHa, 05.08BAR EP
14%
Tymek & Urbański, 01.04Odrodzenie
14%
chillwagon, ??.??chillwagon 3.0
13%
Filipek, 30.09Gra na Emocjach 2
13%
Yung Adisz, 27.05Amnezja
12%
RUSKIEFAJKI, 14.02GEJSZA
12%
vkie, 15.07Brak Kontroli EP
10%
Piotr Cartman, 24.06Czerń
10%
Kukon, 24.06Kukonozaur Mixtape Mood
10%
Szpaku & Rolex, ??.??Lochy i Smoki EP
10%
Beteo, 07.10LOGO EP
10%
Słoń, ??.12Zero Absolutne EP
10%
Kartky, 11.02Księga Jesiennych Demonów
9%
Aleshen, 10.02Kilka snów
8%
Belmondawg, 19.07Piekarenka EP
8%
TUZZA, 25.03FORZA
7%
Szczyl, 28.108171 EP
6%
Włodar, ??.??NAKAZ WJAZDU
5%
Moli, 01.07To Tylko Biznes Mixtape
5%
Bonson, 12.08Diabeł Stróż
4%
GM2L, ??.??Kartel Mixtape
4%
Intruz, 24.06Owoce Grzechu
3%
ZetHa, ??.??Wieczny Joint Mixtape 3
3%
Gedz, ??.??ANATEMA
2%
B.R.O, ??.??Dziewczyna Dilera
2%
Donguralesko, 20.05Mowa Ciemna
2%
Belmondawg, 04.11Sztossingery EP
2%
TEDE, ??.??3H: Hajp Hajs Hejt
1%
Deys, 28.07Imprimatur II
1%
Meek, Oh Why?, 11.03Offline
1%
Malik Montana, ??.??WAW CDG EP
1%

Rozkład punktacji

Percentyl według liczby udzielonych odpowiedzi

Procent ludzi z każdym wynikiem

Twoja historia wyników

Nie rozwiązałeś tego quizu od ostatniego zresetowania